000 00683 a2200193 4500
999 _c6838
_d6838
020 _a9781443896917
050 _aGN 27 POS 2016
245 _aThe Postcolonial Condition of Names and Naming Practices in Southern Africa
_cEdited by Oliver Nyambi, Tendai Mangena & Charles Pfukwa
264 _aNewcastle-upon-Tyne, UK :
_b Cambridge Scholars Publishing,
_c2016.
300 _avii; 396p.
_bill.
500 _aincludes bibliographical references
650 _aNames Southern
_xAfrica,
650 _a Names,
_xAfrican
650 _aOnomasiology -- Africa,
700 _aNyambi, Oliver
700 _aMangena, Tendai
700 _aPfukwa, Charles
942 _2lcc
_cBK
_h323.4
_iPOS
_kP